Obálka Náhled e-knihy:
PDF Epub
Pro půjčování e-knih musíte být přihlášeni.
Jak si půjčit online?

Zakázané pokušení /

Minulost se vrátila. A má tvář, které nejde odolat. Elen věděla, že návrat do sídla Sterlingových bude náročný. Nečekala však, že se ocitne v pasti mezi vlastní povinností a spalující, zakázanou přitažlivostí k muži, kterého kdysi vychovávala. Jenže v tomhle muži je cosi temného, co ji až magneticky...

Celý popis

Uloženo v:
Hlavní autor: Cina, P. R. (Autor)
Médium: E-kniha
Jazyk:Czech
Vydáno: Praha : SECRET PRESS, 2026
Tagy:
Žádné tagy
LEADER 01636nam a22002297i 4500
001 314005
007 ta
008 260701s2026 xr ||||| |||| 00| 0 cze d
020 |a 9990004280861 
044 |a xr 
100 1 |a  Cina, P. R.  |4 aut 
245 1 0 |a Zakázané pokušení /  |c  Cina, P. R. 
264 1 |a Praha :  |b SECRET PRESS,  |c 2026 
300 |a 1 online zdroj (370 stran) 
336 |a text  |b txt  |2 rdacontent 
337 |a bez média  |b n  |2 rdamedia 
338 |a online zdroj  |b cr  |2 rdacarrier 
520 2 |a Minulost se vrátila. A má tvář, které nejde odolat. Elen věděla, že návrat do sídla Sterlingových bude náročný. Nečekala však, že se ocitne v pasti mezi vlastní povinností a spalující, zakázanou přitažlivostí k muži, kterého kdysi vychovávala. Jenže v tomhle muži je cosi temného, co ji až magneticky přitahuje. Julian je jiný, než si ho pamatuje – je intenzivnější, záhadnější a nebezpečnější. Ale čím víc se mu poddává, tím jasněji vidí, že za zdmi tohoto domu je všechno jinak, než se zdá. Že pod nánosem peněz a tradic pulzuje cizí, chladná síla. Jeho tajemství ji může zničit dřív, než vše stihne odhalit. 
910 |a RBIT002 
998 |d 428086  |a https://core.palmknihy.cz/api/books/428086/cover?thfvym  |b https://core.palmknihy.cz/api/books/428086/cover/400?thfvym  |c https://core.palmknihy.cz/api/books/428086/cover/50?thfvym  |e 2036-12-31  |g 370  |i 9990004280861  |j https://core.palmknihy.cz/api/books/428086/preview.epub  |k https://core.palmknihy.cz/api/books/428086/preview.pdf  |l   |q 49  |r 1  |s https://www.palmknihy.cz/kniha/428086  |t ebook  |y 2026  |z 1 
999 |d 314003